Module for Training of Quazis (Record no. 3537)
[ view plain ]
| 000 -LEADER | |
|---|---|
| fixed length control field | 00459nam a22001697a 4500 |
| 003 - CONTROL NUMBER IDENTIFIER | |
| control field | LK-CoMWRAF |
| 005 - DATE AND TIME OF LATEST TRANSACTION | |
| control field | 20260402151755.0 |
| 008 - FIXED-LENGTH DATA ELEMENTS--GENERAL INFORMATION | |
| fixed length control field | 230910b2011 |||||||| |||| 00| 0 eng d |
| 040 ## - CATALOGING SOURCE | |
| Original cataloging agency | LK-CoMWRAF |
| Modifying agency | LK-CoMWRAF |
| Description conventions | LK-CoMWRAF |
| 041 ## - LANGUAGE CODE | |
| Language code of text/sound track or separate title | English |
| 082 ## - DEWEY DECIMAL CLASSIFICATION NUMBER | |
| Classification number | 023.8 |
| Item number | MOD |
| 942 ## - ADDED ENTRY ELEMENTS (KOHA) | |
| Koha item type | Books |
| 245 ## - TITLE STATEMENT | |
| Title | Module for Training of Quazis |
| 260 ## - PUBLICATION, DISTRIBUTION, ETC. (IMPRINT) | |
| Place of publication, distribution, etc. | Colombo : |
| Name of publisher, distributor, etc. | Muslim women's research and action forum, |
| Date of publication, distribution, etc. | 2011 |
| 650 ## - SUBJECT ADDED ENTRY--TOPICAL TERM | |
| Topical term or geographic name as entry element | Quazis |
| 650 ## - SUBJECT ADDED ENTRY--TOPICAL TERM | |
| Topical term or geographic name as entry element | Training module-Muslims |
| Withdrawn status | Lost status | Damaged status | Not for loan | Collection code | Permanent Location | Current Location | Date acquired | Full call number | Barcode | Koha item type |
|---|---|---|---|---|---|---|---|---|---|---|
| MWRAF Publications | Resource center, Muslim Women's Research And Action Forum | Resource center, Muslim Women's Research And Action Forum | 2023-09-10 | 023.8 MOD | RAF1035 | Books | ||||
| MWRAF Publications | Resource center, Muslim Women's Research And Action Forum | Resource center, Muslim Women's Research And Action Forum | 2023-11-07 | 023.8 MOD | RAF2696 | Books | ||||
| MWRAF Publications | Resource center, Muslim Women's Research And Action Forum | Resource center, Muslim Women's Research And Action Forum | 2023-11-07 | 023.8 MOD | RAF2697 | Books |

